Statistics for Largest Countries Containing Y or Z

Click here to take the quiz!

General Stats

  • This quiz has been taken 127 times
  • The average score is 15 of 20

Answer Stats

km Country mi % Correct
752,612Zambia290,586
96%
390,757Zimbabwe150,872
94%
8,515,767Brazil3,287,956
91%
447,400Uzbekistan172,700
85%
2,724,900Kazakhstan1,052,100
82%
527,968Yemen203,850
80%
801,590Mozambique309,500
74%
1,759,540Libya679,360
74%
1,002,450Egypt387,050
73%
406,752Paraguay157,048
72%
916,445Venezuela353,841
71%
357,114Germany137,882
71%
301,336Italy116,346
71%
330,803Malaysia127,704
70%
270,467New Zealand104,428
70%
783,562Turkey302,535
68%
323,802Norway125,021
66%
945,087Tanzania364,900
65%
580,367Kenya224,081
57%
214,969Guyana83,000
35%

Score Distribution

Percentile by Number Answered

Percent of People with Each Score

Your Score History

You have not taken this quiz